Continental Extreme Points by Country - Statistics

General Stats
  • This quiz has been taken 24 times
  • The average score is 17 of 24
Answer Stats
Hint Answer % Correct
Westernmost United States of America
100%
Southernmost Panama
95%
Easternmost Brazil
90%
Southernmost Chile
90%
Northernmost Colombia
90%
Westernmost Ecuador (Galápagos Islands)
90%
Northernnost Norway
80%
Easternmost Russia
80%
Northernmost Tunisia
80%
Southernmost Greece
75%
Northernmost Russia
75%
Easternmost Russia
75%
Southernnost South Africa
75%
Northernmost Denmark (Greenland)
70%
Westernmost Iceland
70%
Easternmost Mauritius
70%
Southernmost New Zealand
70%
Westernmost Turkey
70%
Westernmost Australia
65%
Westernmost Cape Verde
65%
Northernmost United States of America (Kure Atoll)
45%
Easternmost Denmark (Greenland)
40%
Southernmost Australia (Cocos/Keeling Islands)
25%
Easternmost Chile (Isla Salas y Gómez)
25%
No matching quizzes found
Score Distribution
Percent of People with Each Score
Percentile by Number Answered
Your Score History
You have not taken this quiz